Devine la chanson #4 - Statistiques

Statistiques générales
  • Ce quiz a été pris 226 fois
  • Le résultat moyen est 95 sur 219
Statistiques - réponses
Paroles % Correct
à
95%
91%
la
91%
le
90%
tu
90%
de
87%
et
82%
les
77%
te
76%
74%
74%
que
74%
Que
74%
un
73%
ce
70%
Ce
70%
qui
66%
Qui
66%
une
66%
pour
65%
ça
64%
en
63%
va
58%
pas
57%
du
54%
on
54%
ton
53%
au
52%
toi
51%
la vie
49%
vie
49%
Si
47%
si
47%
vas
45%
amour
43%
tes
42%
Comme
41%
sur
41%
peu
40%
sans
40%
Sans
40%
Suis
40%
n'est
38%
C'est
36%
tous
36%
cœur
35%
monde
33%
bien
31%
matin
30%
soir
30%
ceux
29%
fait
28%
ont
27%
savoir
27%
tien
27%
bonheur
26%
Résiste
26%
rêve
26%
France Gall
25%
veut
25%
viens
25%
Cherche
24%
lèves
24%
Prouve
24%
qu'on
24%
Danse
23%
existes
23%
égoïste
21%
partout
21%
persiste
20%
Refuse
20%
couches
19%
musique
19%
âme
18%
aucun
18%
Bats-toi
18%
droit
17%
insiste
17%
peine
17%
t'aime
17%
Est-ce
16%
peur
16%
signe
16%
danser
15%
dirigée
15%
l'amour
15%
réalises
15%
vaut
15%
vite
15%
Tant
14%
t'organise
14%
quitte
13%
t'oublieras
13%
début
12%
erreurs
12%
cœurs
10%
milliers
10%
renier
10%
libertés
8%
t'amener
8%
Aucun quiz correspondant
Distribution des résultats
% des personnes avec chaque résultat
Percentile par nombre de réponses
Votre historique - résultats
Vous n’avez pas pris ce quiz